| 000 -LEADER |
| fixed length control field |
00441nam a22001337a 4500 |
| 020 ## - INTERNATIONAL STANDARD BOOK NUMBER |
| International Standard Book Number |
9789389143515 |
| 082 ## - DEWEY DECIMAL CLASSIFICATION NUMBER |
| Classification number |
K9 G715 |
| 100 ## - MAIN ENTRY--PERSONAL NAME |
| Personal name |
Gottlieb, Lori |
| 9 (RLIN) |
25696 |
| 245 ## - TITLE STATEMENT |
| Title |
Maybe you should talk to someone: a therapist, her therapist, and our lives revealed |
| Statement of responsibility, etc |
by Lori Gottlieb |
| 260 ## - PUBLICATION, DISTRIBUTION, ETC. (IMPRINT) |
| Place of publication, distribution, etc |
New Delhi |
| Name of publisher, distributor, etc |
Amaryllis |
| Date of publication, distribution, etc |
2019 |
| 300 ## - PHYSICAL DESCRIPTION |
| Extent |
415p. |
| 650 ## - SUBJECT ADDED ENTRY--TOPICAL TERM |
| Topical term or geographic name as entry element |
Psychotherapist - Biography |
| 9 (RLIN) |
25801 |
| 650 ## - SUBJECT ADDED ENTRY--TOPICAL TERM |
| Topical term or geographic name as entry element |
Therapist and patient - Biography |
| 9 (RLIN) |
25802 |